|
|
|
|
| LEADER |
00000cam a2200000 7i4500 |
| 001 |
0000004274 |
| 002 |
000004593 |
| 005 |
20020423.0 |
| 020 |
|
|
|a 0859651169
|
| 090 |
0 |
0 |
|a 941.0850922
|b WIT
|
| 245 |
0 |
4 |
|a The wit and wisdom of the royal family :
|b a book of royal quotes
|c edited by Marianne Sinclair and Sarah L.Trinoff
|
| 260 |
|
|
|a London :
|b Plexus ,
|c 1990
|
| 300 |
|
|
|a 207p. :
|b ill. ;
|c 25cm.
|
| 650 |
0 |
0 |
|a Royal family
|
| 651 |
|
0 |
|a Great Britain
|x Royal Families,1895-
|
| 700 |
0 |
|
|a Sinclair, Marianne ,
|e edited by
|
| 999 |
|
|
|a 030269
|b BUKU
|c RUJUKAN
|e PERPUSTAKAAN KOMUNITI PETALING JAYA
|